| 000 | 00731nam a22001817a 4500 | ||
|---|---|---|---|
| 005 | 20170714141019.0 | ||
| 020 |
_a9789332575622 (v.2) _c699.00 |
||
| 035 | _aB-668036 | ||
| 037 |
_adpl _bTechniz BooksI/Ven |
||
| 082 | _a547 | ||
| 100 | _aRaju, I.S.S. | ||
| 245 |
_aOrganic chemistry for the JEE main and advanced / _cby I.S.S.Raju |
||
| 260 |
_aNoida _bPearson Education _c2017 |
||
| 270 |
_aA-8 (A), 7th Floor, Knowledge Boulevard, Sector 62 _bNoida _e201309 (U.P) |
||
| 300 |
_aV.2(various pagings) : _bill. _c25cm(pbk) |
||
| 942 |
_2ddc _cEN _mRAJ _h547 |
||
| 999 |
_c142595 _d142595 |
||